| 000 | 00447cam a2200181ua 4500 | ||
|---|---|---|---|
| 001 | 5114 | ||
| 008 | 120730n ii |||gr||||Z||||||eng | ||
| 020 | _a81-85392-56-0 | ||
| 040 | _cMAIN | ||
| 082 | _a821 | ||
| 100 |
_aSullivan, Sheila, _eEditor, |
||
| 245 | 1 | 1 |
_aCrities on chaucer _cby Sheila Sullivan |
| 250 | _a1st. | ||
| 260 |
_aNew Delhi: _bUniversal book stall, _c1994. |
||
| 300 |
_a139p: _c23cm. |
||
| 653 | _aEnglish poetry | ||
| 942 | _cBK | ||
| 999 |
_c4296 _d4296 |
||